01475nam a22002897a 4500001000700000003000900007005001700016007000700033008003000040020001600070040002200086082002700108100002400135245007200159260006000231300003100291500027900322500007900601500023800680650004200918650004700960651000601007910001501013942001201028952012801040999001701168000401DO-SdBNP20220627115956.0000401160805b2000 sp a 00| 0 spa d a8495203065  aBPMSUbspacBPMSU aR663.2 bP35g 20012221 aPeñín, José, 10aGuía Peñín de los vinos de España 2001 /cJosé Peñín. aMadrid : bPi & Erre Comunicación Integral, c[2000]. a905 p. : bil. ; c22 cm.  aLa guía del vino Español más completa con casi 8.000 marcas y más de 3.700 vinos puntuados con absoluta independencia. Manual del catador: todo lo que debe saber para conocer y catar los vinos. Todas las denominaciones de origen españolas. Etiquetas a todo color. aIncluye datos biográficos del autor en la solapa de la contracubierta. aLa guía del vino Español más completa 8.000 marcas reseñadas y 3.800 vinos puntuados con absoluta independencia. Se califican desde los mejores hasta los no recomendables. Manual del catador. Como hacerse una bodega en casa. 4aVinosvDirectorios xMarcaszEspaña 4aIndustria del vinovDirectorios.zEspaña a  aVMateo V.  2ddccBK 00102ddc40708CGaBPMETbBPMETd2016-08-05eFUNDIoBPMSU CGR R663.2 P35g 2001pBPMSU16080041r2016-08-05w2016-08-05yBK c11093d11093